00417nam a2200145Ia 4500008004100000041000900041082001500050100002400065245001800089260003900107300000800146650000800154999001700162952009200179230718s9999 xx 000 0 und d aEng. a340bSAC-P aSaced, Malik m (ed) 0aP.L.D. (1981) aPakistanbAll Parcistan (falc1381 a101 aLaw c27008d27008 00104070aSIRC-LbSIRC-Ld2023-07-18l0o340 SAC-Pp21960r2023-07-18w2023-07-18yBK